Using Information Technology : Creating Your NVQ Portfolio /

Guía para la obtener la Calificación Vocacional Nacional (National Vocational Qualification o NVQ) en tecnologías de información, con el que se demuestran las competencias en la utilización de computadoras y sus diversas aplicaciones, tanto de hardware como de software. Entre las habilidades que se...

Deskribapen osoa

Gorde:
Xehetasun bibliografikoak
Egile nagusia: Saunders, Vivien (autor)
Formatua: Liburua
Hizkuntza:ingelesa
Argitaratua: Plymouth, Inglaterra : Studymates, 2000, c2000
Saila:(Computer Studies)
Gaiak:
Etiketak: Etiketa erantsi
Etiketarik gabe, Izan zaitez lehena erregistro honi etiketa jartzen!

MARC

LEADER 00000nam^a2200000^a^4500
001 000153074
005 20250521000000.0
009 20260310100305.724
020 |a 1-84025-144-1 
037 |a Acervo ITESO - Biblioteca 
041 |a ING 
082 |a 004. 076  |b SAU 
100 |a Saunders, Vivien  |e (autor) 
245 1 0 |a Using Information Technology :  |b Creating Your NVQ Portfolio /  |c V. Saunders. 
264 4 |a Plymouth, Inglaterra :  |b Studymates,  |c 2000, c2000 
300 |a 160 p. 
336 |a texto  |b txt  |2 rdacontenido 
337 |a sin mediación  |b n  |2 rdamedio 
338 |a volumen  |b nc  |2 rdasoporte 
440 1 |a (Computer Studies) 
520 |a Guía para la obtener la Calificación Vocacional Nacional (National Vocational Qualification o NVQ) en tecnologías de información, con el que se demuestran las competencias en la utilización de computadoras y sus diversas aplicaciones, tanto de hardware como de software. Entre las habilidades que se deben demostrar se cuentan: edición, formato, impresión y guardado de documentos; limpieza y mantenimiento de computadoras e impresoras; trabajo en equipo y uso efectivo del tiempo; salud y seguridad; seguridad de la oficina y de los datos; diseño, impresión y guardado de hojas de cálculo; trabajo con gráficos; uso de las aplicaciones en línea: enviar y recibir mensajes, obtención de información en línea. 
649 |a XX 
650 |a Guía de Estudio 
650 |a Apoyos Didácticos 
650 |a Normalización y Certificación 
650 |a Competencias de Información 
650 |a Archivo de Datos 
650 |a Procesador de Textos 
650 |a Computadoras -  |x Mantenimiento y Reparación 
650 |a Trabajo en Equipo 
650 |a Ergonomía 
650 |a Protección de Datos 
650 |a Hoja de Cálculo 
650 |a Gráficas por Computadora 
650 |a Correo Electrónico 
650 |a Internet 
650 |a Telecomunicaciones 
650 |a Ingeniería Industrial 
650 |a Ingeniería Computacional 
910 |a Fondo General 
920 |a Impresos - Libros 
930 |a Colección General 
905 |a 101 
901 |a 0500081682  |b IT1  |c ACC  |u 20250521 
902 |a https://opac.biblio.iteso.mx/vufind/Record/000153074